000 01062nam0a22002651 4500
001 rc\3023908
005 20250806201454.0
035 _a(NLR Aleph) 007165642
090 _a24182
_c24182
100 _a20110928d1941 u y0rusy50 ca
101 0 _arus
102 _aRU
105 _aa z |||||
200 1 _aМатериалы к хозяйственному плану и бюджету Ленинградского района на 1941 г.
_fЛенин. район. совет депутатов трудящихся г. Москвы
210 _aМосква
_cЛенинск. райисполком
_d1941
215 _a28 с.
_cтабл.
_d22 см
300 _aБез тит. л. Описано по обл.
710 0 1 _aМосква
_bЛенинградский районный Совет депутатов трудящихся
801 0 _aRU
_bNLR
_gpsbo
801 1 _aRU
_bELAR
_2rusmarc
852 _aNLR
_jЭк30 Г-6/1
942 _cBOOK
945 _aРоссийская национальная библиотека
980 _aNB
980 _aBV